000 00682nam a2200241Ia 4500
003 OSt
005 20220924115615.0
006 a|||||r|||| 00| 0
007 ta
008 220923b |||||||| |||| 00| 0 hin d
024 _a40489
037 _cTextual
040 _aARTS
_cARTS
_bhin
041 _2hin
_ahin
082 _aO15:gxJ50:g, 152M1 (EPS)
100 _aDikshit Hari Narayan
_93110
245 0 _aSrimad Appaya dikshita caritam
260 _aDelhi
_bDevavani Parishad
_c1981
300 _a56p.
_ccm.
650 _aENGLISH LITERATURE
942 _hO15:gxJ50:g, 152M1 (EPS)
_cTEXL
_2CC
999 _c399124
_d399124